000 00405pab a2200133 454500
008 180718b xxu||||| |||| 00| 0 eng d
100 _aSingh, U.B.
245 _aDistrict government: on emerging phenomenon
650 _a District Government
650 _a District Administration
650 _aDistrict Administration - India
773 _aJournal of the Institute of Public Administration
909 _a22932
999 _c22932
_d22932